A 'This or That' Quiz Stats

 Plays Quiz Updated Jan 15, 2015

Also try: M&M's or Skittles?
Challenge
Share
Tweet
Embed
Score 0/20 Timer 04:00
0 Plays Today
Answer These Enter 'THIS' or 'THAT' % Correct
“Th-th-th-____'s all folks!”???
96.1%
“____'s the way (uh huh, uh huh) I like it”???
95.8%
____ Is Your Life???
95.8%
Sweet Dreams (Are Made Of ____)???
95.6%
____ '70s Show???
95%
U Can't Touch ____???
94.4%
“I would do anything for love, but I won't do ____???
94%
All ____???
93.9%
____ Thing You Do!???
93.7%
A Moment Like ____???
93%
Answer These Enter 'THIS' or 'THAT' % Correct
“To be, or not to be, ____ is the question...”???
93%
We've Gotta Get Out of ____ Place???
92.5%
“I'm as mad as hell, and I'm not going to take ____ anymore!”???
91.2%
“...knick-knack paddywhack, give the dog a bone, ____ old man came rolling home”???
89.9%
What Child is ____???
89.6%
____ Old Black Magic???
87.2%
Walk ____ Way???
87%
“How long… has ____ been going on?”???
86%
____ Girl???
83.8%
“I can 'Name ____ Tune' in … five notes!”???
82.1%

You're not logged in!

Compare scores with friends on all Sporcle quizzes.
OR
Log In

You Might Also Like...

Show Comments

Extras

Top Quizzes Today


Score Distribution

Your Account Isn't Verified!

In order to create a playlist on Sporcle, you need to verify the email address you used during registration. Go to your Sporcle Settings to finish the process.

Report this User

Report this user for behavior that violates our Community Guidelines.

Details: